| 000 | 00834cpcaa22002417a 4500 | ||
|---|---|---|---|
| 001 | mm 81003312 | ||
| 003 | DLC | ||
| 005 | 20260227111706.0 | ||
| 008 | 810717|||||||||||| eng | ||
| 010 | _amm 81003312 | ||
| 040 |
_aDLC _cDLC _edacs _dDLC |
||
| 072 | 7 |
_aL _2lcmd |
|
| 100 | 1 |
_aMew, Charlotte Mary, _d1869-1928. |
|
| 245 | 0 | 0 |
_aCharlotte Mary Mew papers, _f1916. |
| 300 |
_a3 _fitems. |
||
| 506 | 0 | _aOpen to research. | |
| 545 | 0 | _aEnglish poet. | |
| 546 | _aCollection material in English. | ||
| 580 | _aForms part of: Miscellaneous Manuscripts collection. | ||
| 656 | 7 |
_aPoets. _2itoamc |
|
| 999 |
_c42997 _d42997 |
||